000 00821nam a2200193 a 4500
003 0
005 20250220093256.0
008 110617s19uu xx 00 eng d
050 _aPHS DD 228.8
_b.B15 2011
100 _aBago, Armina N.
245 _aThe contribution of the strategies used by Otto von Bismarck in the unification of Germany in making Germany into a powerful nation /
_cArmina N. Bago.
260 _aLas Piñas City, Philippines :
_bSouthville International School and Colleges,
_c2011.
300 _a21 pages :
_billustrations ;
_c28 cm.
504 _aIncludes bibliographical references.
650 _aBismarck, Otto, Prince of, 1815–1898
_xPolitical and diplomatic strategies.
650 _aStatecraft
_zGermany
_xHistory.
651 _aGermany
_xHistory
_vUnification, 1864–1871.
942 _2lcc
_cPASS
999 _c98500
_d98500